| 000 | 00589nam a22001937a 4500 | ||
|---|---|---|---|
| 003 | OSt | ||
| 005 | 20250815015525.0 | ||
| 008 | 250815b |||||||| |||| 00| 0 eng d | ||
| 035 | _a9789719919919 | ||
| 040 |
_aDWC-Main Lib. _cOC |
||
| 082 | _aFil. 657.3 V173f 2015 | ||
| 100 | _aVALIX, CONRADO T. | ||
| 245 |
_aFinancial accounting, volume three/ _cCONRADO T. VALIX |
||
| 250 | _a2015 rev. ed. | ||
| 260 |
_aManila : _bGIC Enterprises, _c c2015. |
||
| 300 |
_a973 pages ; _c22 cm. |
||
| 650 | _a1. Accounting--Problems, exercises, etc. | ||
| 942 |
_2ddc _cBK - FIL _e2015 rev. ed. _kFil. _n0 |
||
| 999 |
_c3956 _d3956 |
||